| 000 | 00990nam a2200253 a 4500 | ||
|---|---|---|---|
| 001 | BRCA_2858 | ||
| 005 | 20190320204013.0 | ||
| 008 | 101208s--------fr-a---###---#000-0#fre-# | ||
| 041 | _afre | ||
| 044 | _afr | ||
| 050 | 4 |
_aND813.G6 _b.E28 1945 |
|
| 245 | 1 | 0 |
_aLes eaux fortes de Goya _bles eauxfortes, les caprices, les disastres de la guerre, la tauromachie, les songes: [collection Andres Laszlo: exposition intinerante] _cFrancisco José de Goya y Lucientes. |
| 260 |
_aParis _bA. Nory _c1945 |
||
| 300 |
_a48 p. _bil. _c21 cm. |
||
| 500 | _aLa biblioteca tiene 3 ejemplares con el mismo número de inventario | ||
| 500 | _aLos comentarios del presente catálogo fueron extraidos de la obra de Andres Laszlo sobre Goya traducida del español por Marcial Retuerto | ||
| 500 | _aAA29 | ||
| 650 | 1 | 4 |
_aGrabados españoles _97986 |
| 650 | 1 | 4 |
_aGrabadores españoles _97740 |
| 700 | 1 |
_aLaszlo, Andres _97987 |
|
| 700 | 1 |
_aRetuerto, Marcial _etr _97988 |
|
| 902 | _aGFM | ||
| 942 |
_2lcc _cB |
||
| 999 |
_c2597 _d2597 |
||